| 000 | 00661nam a22001937a 4500 | ||
|---|---|---|---|
| 005 | 2010081005485.0 | ||
| 010 | _aENG-99450 | ||
| 020 | _c195.00 | ||
| 035 | _aEN-82982 | ||
| 037 | _bDBAD/PUB | ||
| 082 | _a005.133 | ||
| 100 |
_aKrishnaveni ,N. _910491 |
||
| 245 |
_aJava programming for beginners / _cby N.Krishnaveni |
||
| 260 |
_aErode _bPallavi Pathippagam S.India _c2008 |
||
| 270 |
_a194,Kanna Complex,Mettur road _bErode |
||
| 300 |
_a203p. _c24cm (pbk) |
||
| 942 |
_2ddc _cEN _h005.133 _mKRI |
||
| 999 |
_c40813 _d40813 |
||